| 000 | 00910nam a22001935i 4500 | ||
|---|---|---|---|
| 001 | 171673 | ||
| 003 | ES-MaACL | ||
| 005 | 20230906214708.0 | ||
| 008 | 090526s1973 sp |||| | spa d | ||
| 080 | _a618.146-006.6 | ||
| 100 | 0 |
_aSol, José R. del. _9107035 |
|
| 245 | 1 | 0 |
_aAspectos biológicos y sociales del cáncer de cuello de útero _b: planteamiento de una campaña para su prevención en la ciudad y provincia de Valladolid / _cdiscurso leído por el Excmo. e Ilmo. Señor Dr. D. José Ramón del Sol Fernández, contestación del Ilmo. Señor Dr. D. José Población del Castillo. |
| 260 |
_aValladolid : _bAcademia de Medicina y Cirugía, _c1973. |
||
| 300 |
_a186 p. : _bil. ; _c24 cm. |
||
| 650 | 1 | 4 |
_aUtero- _xCáncer. _9140333 |
| 700 | 1 |
_aPoblación del Castillo, José. _992685 |
|
| 710 | 2 |
_aReal Academia de Medicina y Cirugía de Valladolid. _96330 |
|
| 852 |
_aES-MaACL _jC-53815 _9R.86878 |
||
| 999 |
_c171673 _d171673 |
||